|
|
|
|
| LEADER |
02126nam a2200325 4500 |
| 001 |
DLU120132066 |
| 005 |
##20120227 |
| 040 |
# |
# |
|a DLU
|b vie
|
| 041 |
# |
# |
|a vie
|
| 044 |
# |
# |
|a vn
|
| 082 |
# |
# |
|a 324.23
|b DO-T
|
| 100 |
# |
# |
|a Đỗ Khánh Tặng,
|c TS.
|
| 245 |
# |
# |
|a Một số vấn đề văn hoá dưới góc độ công tác tư tưởng /
|c Đỗ Khánh Tặng.
|
| 260 |
# |
# |
|a H. :
|b Chính trị Quốc gia,
|c 2008.
|
| 300 |
# |
# |
|a 175 tr. ;
|c 19 cm.
|
| 505 |
# |
# |
|a Thắng lợi của đường lối đổi mới theo định hướng xã hội chủ nghĩa -- Định hướng sáng tạo văn hoá - nghệ thuật theo Nghị quyết Đại hội X của Đảng -- Văn hoá - văn nghệ với cuộc vận động học tập và làm theo tấm gương đạo đức Hồ Chí Minh.
|
| 505 |
# |
# |
|a Tiếp cận các giá trị văn hoá từ góc độ công tác tư tưởng -- Đề cương về văn hoá Việt Nam (1943) - nền tảng vững chắc trong đường lối văn hoá của Đảng -- Đồng chí Trường Chinh - biểu tượng cao đẹp về văn hoá chính trị -- Làm cho các giá trị văn hoá thấm sâu vào toàn bộ đời sống xã hội -- Mấy vấn đề lý luận về triết lý giáo dục -- Tư tưởng nhân văn trong phát triển bền vững -- Văn hoá Đảng và những tiêu chí tổng hợp -- Về thực trạng văn hoá Đảng và một số vấn đề đặt ra -- Chủ động và sáng tạo trong quản lý văn hoá ở địa phương -- Vận dụng tư tưởng Hồ Chí Minh trong xây dựng văn hoá lãnh đạo và văn hoá quản lý -- Văn hoá chính trị và dư luận xã hội tích cực -- Bước đầu nghiên cứu văn hoá doanh nhân Việt Nam
|
| 650 |
# |
# |
|a Tư tưởng
|x Khía cạnh chính trị
|z Việt Nam.
|
| 650 |
# |
# |
|a Văn hoá chính trị
|z Việt Nam.
|
| 923 |
# |
# |
|a 18/2011
|
| 991 |
# |
# |
|a SH
|
| 992 |
# |
# |
|a 22000
|
| 994 |
# |
# |
|a DLU
|
| 900 |
# |
# |
|a True
|
| 911 |
# |
# |
|a Nguyễn Thanh Hương
|
| 925 |
# |
# |
|a G
|
| 926 |
# |
# |
|a A
|
| 927 |
# |
# |
|a SH
|
| 980 |
# |
# |
|a Thư viện Trường Đại học Đà Lạt
|